000 00621nam a2200301Ia 4500
005 20260127113156.0
008 008 260114s9999 xx 000 0 eng d
020 _a9789386062475
037 _aTextbook
040 _aPSDL
040 _beng
040 _cPSDL
041 _2eng
041 _aeng
084 _aZ Q7
084 _qPSDL
100 _aChong Mark
_91110532
245 0 _aDemystifying
245 0 _cChong Mark
260 _aNewDelhi
260 _bSage
260 _c2017
300 _a297
942 _cTB
942 _hZ Q7
999 _c1676701
_d1676701